[Event "Tehran WGP 2016"]
[Site "Tehran IRI"]
[Date "2016.02.22"]
[Round "10.5"]
[White "Dzagnidze, Nana"]
[Black "Ju, Wenjun"]
[Result "0-1"]
[WhiteTitle "GM"]
[BlackTitle "GM"]
[WhiteElo "2529"]
[BlackElo "2558"]
[WhiteFideId "13601903"]
[BlackFideId "8603006"]
[EventDate "2016.02.11"]

1. d4 Nf6 2. c4 e6 3. Nf3 Bb4+ 4. Bd2 Qe7 5. Nc3 b6 6. e3 Bb7 7. Be2 O-O 8. O-O
d6 9. Rc1 Bxc3 10. Bxc3 Ne4 11. Qc2 Nd7 12. Rfd1 f5 13. Be1 a5 14. Nd2 Nxd2 15.
Qxd2 e5 16. f3 Rae8 17. Bf1 Qg5 18. d5 h5 19. b3 h4 20. a3 h3 21. g3 Qh5 22. Be2
g5 23. b4 axb4 24. axb4 g4 25. f4 Qf7 26. Ra1 Ra8 27. fxe5 Nxe5 28. Qd4 b5 29.
cxb5 Rxa1 30. Rxa1 Bxd5 31. Bc3 Bf3 32. Bf1 Be4 33. Kf2 Qb3 34. Be2 Qc2 35. Qd2
Qxd2 36. Bxd2 Bf3 37. Bf1 Bd5 38. Be2 Bf3 39. Bf1 Be4 40. Be2 Bd3 41. Bc3 Bxe2
42. Bxe5 Bxb5 43. Bd4 Rc8 44. Ra5 Bd3 45. Ke1 Kf7 46. Kd2 Be4 47. Kc3 Ke6 48.
Kc4 Bf3 49. Kc3 Be2 50. Kd2 Bf1 51. Kc3 c6 52. Ba7 Bb5 53. Kd4 Re8 54. Ra2 Kd7
55. Kc3 Re4 56. Rc2 Re5 57. Bd4 Re8 58. Ba7 Ra8 59. Ra2 c5 60. Ra3 Rc8 61. Bb6
Kc6 62. Ba5 Re8 63. Kd2 f4 64. gxf4 g3 65. hxg3 Bf1 66. Ke1 h2 0-1

[Event "Tehran WGP 2016"]
[Site "Tehran IRI"]
[Date "2016.02.22"]
[Round "10.6"]
[White "Harika, Dronavalli"]
[Black "Cramling, Pia"]
[Result "1/2-1/2"]
[WhiteTitle "GM"]
[BlackTitle "GM"]
[WhiteElo "2511"]
[BlackElo "2521"]
[WhiteFideId "5015197"]
[BlackFideId "1700030"]
[EventDate "2016.02.11"]

1. d4 d5 2. c4 dxc4 3. e3 e5 4. Bxc4 exd4 5. exd4 Bd6 6. Nf3 Nf6 7. Qe2+ Qe7 8.
Qxe7+ Kxe7 9. O-O Be6 10. Re1 Kd7 11. Bxe6+ fxe6 12. Nc3 Re8 13. Bg5 Na6 14.
Ne5+ Bxe5 15. Rxe5 Ng8 16. Rae1 b6 17. a3 c6 18. Ne4 Nc7 19. Nd2 Ne7 20. R5e4
Ng6 21. h4 Nd5 22. h5 Nh8 23. Bh4 Nf6 24. Bxf6 gxf6 25. Rf4 f5 26. Rf3 Rg8 27.
Rc3 Nf7 28. Nf3 Rgc8 29. Rd3 Rd8 30. Rc3 Rac8 31. b4 a6 32. a4 Rc7 33. Kf1 Rdc8
34. Rce3 Re8 35. Rc1 Rec8 36. Rec3 Kd6 37. Nd2 Rb8 38. Nc4+ Ke7 39. Nd2 Kd6 40.
Nc4+ Ke7 41. Nd2 Kd6 1/2-1/2

[Event "Tehran WGP 2016"]
[Site "Tehran IRI"]
[Date "2016.02.23"]
[Round "11.1"]
[White "Cramling, Pia"]
[Black "Batsiashvili, Nino"]
[Result "0-1"]
[WhiteTitle "GM"]
[BlackTitle "IM"]
[WhiteElo "2521"]
[BlackElo "2485"]
[WhiteFideId "1700030"]
[BlackFideId "13602993"]
[EventDate "2016.02.11"]

1. Nf3 d5 2. g3 Nc6 3. d4 Bg4 4. Bg2 Qd7 5. h3 Bf5 6. c4 e6 7. Nc3 O-O-O 8. Qa4
Nf6 9. Bg5 Kb8 10. O-O h6 11. Bxf6 gxf6 12. Rfd1 Be4 13. Nxe4 dxe4 14. d5 Ne7
15. Qxd7 Rxd7 16. Nh4 exd5 17. Bxe4 c6 18. Rd3 Bg7 19. Bf5 Rdd8 20. Rad1 Rde8
21. cxd5 Nxd5 22. e4 Nb6 23. Rd4 h5 24. Nf3 Re7 25. Rd8+ Kc7 26. Rxh8 Bxh8 27.
b3 Bg7 28. Kg2 Bf8 29. Ne1 Re8 30. f4 a5 31. a4 c5 32. Nc2 c4 33. bxc4 Bc5 34.
Kf3 Rd8 35. Rxd8 Kxd8 36. e5 fxe5 37. Be4 Nxa4 38. Bxb7 Nc3 39. fxe5 a4 40. Kf4
a3 41. Nxa3 Bxa3 42. Bf3 h4 43. gxh4 Ke7 44. Kf5 Na4 45. Ke4 Bb2 46. Bg4 Nc5+
47. Kd5 Nd3 48. c5 Nxe5 49. c6 Kd8 50. Kd6 Nc4+ 51. Kd5 Nb6+ 52. Kc5 Kc7 53. Bh5
f5 54. Bf3 Bg7 55. h5 f4 56. h4 Nc8 57. Kd5 Ne7+ 58. Ke6 Nxc6 59. Kf5 Bh6 60.
Bd1 Ne7+ 61. Ke6 Kd8 62. Bf3 Ke8 63. Kf6 Kf8 64. Bb7 Bg7+ 65. Ke6 Ke8 66. Bf3
Bh6 67. Bh1 Ng8 68. Bc6+ Kf8 69. Bb7 Kg7 70. Bc6 Nf6 71. Bf3 Ne8 72. Kd7 Kf7 73.
Bd5+ Kf8 74. Bf3 Ng7 75. Bg4 Kf7 76. Kd6 Kf6 77. Kd5 Nf5 78. Ke4 Nxh4 0-1

[Event "Tehran WGP 2016"]
[Site "Tehran IRI"]
[Date "2016.02.23"]
[Round "11.2"]
[White "Ju, Wenjun"]
[Black "Harika, Dronavalli"]
[Result "1/2-1/2"]
[WhiteTitle "GM"]
[BlackTitle "GM"]
[WhiteElo "2558"]
[BlackElo "2511"]
[WhiteFideId "8603006"]
[BlackFideId "5015197"]
[EventDate "2016.02.11"]

1. d4 Nf6 2. c4 e6 3. Nc3 d5 4. cxd5 exd5 5. Bg5 c6 6. e3 Bf5 7. Qf3 Bg6 8. Bxf6
Qxf6 9. Qxf6 gxf6 10. Nf3 Nd7 11. O-O-O Nb6 12. Bd3 Bb4 13. Nh4 Nc8 14. Ne2 Nd6
15. Ng3 O-O-O 16. Nhf5 Nxf5 17. Nxf5 Bxf5 18. Bxf5+ Kc7 19. h4 h6 20. h5 a5 21.
Rd3 a4 22. a3 Be7 23. Re1 Rhe8 24. Kc2 Bd6 25. Rc1 Ra8 26. Kb1 b5 27. f3 b4 28.
axb4 Bxb4 29. e4 Kd6 30. Rc2 Ra6 31. Re3 Ra7 32. Rxc6+ Kxc6 33. exd5+ Kxd5 34.
Rxe8 Kxd4 35. Rh8 Bd2 36. Bc2 Ra5 37. Rd8+ Ke3 38. Rd6 a3 39. Rd3+ Ke2 40. bxa3
Rxh5 41. Rd7 Bc3 42. Ka2 Rc5 43. Kb3 h5 44. Rxf7 Kf2 45. Rh7 Kxg2 46. Bg6 Kxf3
47. Rxh5 Be5 48. Kb4 Rc1 49. a4 Kg4 50. Rh7 1/2-1/2

[Event "Tehran WGP 2016"]
[Site "Tehran IRI"]
[Date "2016.02.23"]
[Round "11.3"]
[White "Pogonina, Natalija"]
[Black "Dzagnidze, Nana"]
[Result "1-0"]
[WhiteTitle "WGM"]
[BlackTitle "GM"]
[WhiteElo "2454"]
[BlackElo "2529"]
[WhiteFideId "4147855"]
[BlackFideId "13601903"]
[EventDate "2016.02.11"]

1. d4 Nf6 2. c4 e6 3. g3 Bb4+ 4. Bd2 Qe7 5. Bg2 Nc6 6. e3 Bxd2+ 7. Nxd2 d6 8.
Ne2 e5 9. d5 Nb8 10. Nc3 a5 11. O-O O-O 12. Qc2 Na6 13. a3 Bd7 14. Rab1 Rfc8 15.
b4 axb4 16. axb4 c5 17. dxc6 Bxc6 18. e4 Bd7 19. Qd3 Nb8 20. Rfc1 Nc6 21. Nb5
Ne8 22. Nf1 Be6 23. Ne3 Ra6 24. Rd1 Rca8 25. Nf5 Bxf5 26. exf5 h6 27. h4 Qf6 28.
Nxd6 Nxd6 29. Qxd6 Qxf5 30. Qd7 Qc2 31. Qxb7 Ra2 32. Rf1 Nd4 33. c5 g6 34. Qe4
Qc3 35. Qxa8+ Rxa8 36. Bxa8 g5 37. hxg5 hxg5 38. b5 g4 39. b6 Qd3 40. Rfd1 Ne2+
41. Kg2 Qh7 42. Rh1 Qc2 43. Rbe1 Kg7 44. Rh4 f5 45. b7 Qe4+ 46. Kh2 Qf3 47. Rxe2 1-0

[Event "Tehran WGP 2016"]
[Site "Tehran IRI"]
[Date "2016.02.23"]
[Round "11.4"]
[White "Khademalsharieh, Sarasadat"]
[Black "Zhukova, Natalia"]
[Result "0-1"]
[WhiteTitle "IM"]
[BlackTitle "GM"]
[WhiteElo "2403"]
[BlackElo "2484"]
[WhiteFideId "12512214"]
[BlackFideId "14101513"]
[EventDate "2016.02.11"]

1. d4 Nf6 2. c4 e6 3. Nf3 d5 4. Nc3 c6 5. Bg5 Nbd7 6. e3 Qa5 7. Nd2 Bb4 8. Qc2
O-O 9. a3 dxc4 10. Bxf6 Nxf6 11. Nxc4 Bxc3+ 12. Qxc3 Qxc3+ 13. bxc3 c5 14. Bd3
Bd7 15. Ne5 Ba4 16. Rb1 Rab8 17. Kd2 Rfc8 18. Rb2 Rc7 19. f3 b6 20. Rhb1 Rbc8
21. Ba6 cxd4 22. exd4 Rd8 23. Rb4 Be8 24. Rc4 Nd5 25. Rxc7 Nxc7 26. Bd3 f6 27.
Ng4 e5 28. Bc4+ Kf8 29. Ke3 Bg6 30. Rb2 exd4+ 31. cxd4 Ne8 32. d5 Nd6 33. Bd3 h5
34. Nf2 Bf7 35. Kd4 Ne8 36. Rc2 Rxd5+ 37. Ke3 Ra5 38. Rc3 Nd6 39. Ne4 Nxe4 40.
Bxe4 g5 41. f4 Ra4 42. g3 g4 43. Bf5 Ra5 44. Bc8 Bd5 45. h3 h4 46. Bxg4 hxg3 47.
Bf3 Be6 48. Bg2 Rc5 49. Rd3 Bf5 50. Rb3 Bc2 51. Rb4 Ke7 52. h4 b5 53. Kf3 Rc3+
54. Kg4 Bd1+ 55. Kh3 f5 56. Bb7 Be2 57. a4 a5 58. Rb2 Bg4+ 59. Kg2 bxa4 60. Rb5
Rb3 61. Re5+ Kd6 62. Ba8 a3 63. Rxa5 Rd3 64. Bb7 Bd1 65. Ba6 Rc3 66. Bb7 Bc2 67.
h5 Bb3 68. Rxa3 Bd5+ 69. Bxd5 Rxa3 70. Bf3 Kc5 71. h6 Ra6 72. Bb7 Rxh6 73. Kxg3
Kd4 74. Kf3 Rh3+ 0-1

[Event "Tehran WGP 2016"]
[Site "Tehran IRI"]
[Date "2016.02.23"]
[Round "11.5"]
[White "Gunina, Valentina"]
[Black "Zhao, Xue"]
[Result "1/2-1/2"]
[WhiteTitle "GM"]
[BlackTitle "GM"]
[WhiteElo "2496"]
[BlackElo "2506"]
[WhiteFideId "4167570"]
[BlackFideId "8601283"]
[EventDate "2016.02.11"]

1. d4 Nf6 2. c4 e6 3. Nf3 b6 4. g3 Ba6 5. b3 b5 6. cxb5 Bxb5 7. Bg2 d5 8. O-O
Nbd7 9. Nc3 Ba6 10. Re1 Be7 11. Bg5 O-O 12. Ne5 Nxe5 13. dxe5 Nd7 14. Bxe7 Qxe7
15. e4 c6 16. Qd4 Bb7 17. exd5 cxd5 18. Rac1 a6 19. Na4 Rfc8 20. Bf1 Bc6 21. Rc3
Qd8 22. Nc5 Bb5 23. Nb7 Qb6 24. Qxb6 Nxb6 25. Rxc8+ Rxc8 26. Nd6 Rc2 27. Nxb5
axb5 28. a3 Ra2 29. Rc1 Rxa3 30. Rc7 Ra8 31. Rb7 Nc8 32. Bxb5 Kf8 33. Kf1 g5 34.
Bd3 Ne7 35. Rb6 Kg7 36. Ke2 Ra2+ 37. Ke3 g4 38. b4 d4+ 39. Kxd4 Rxf2 40. Be4
Rxh2 41. b5 h5 42. Rb7 Nd5 43. b6 h4 44. Bxd5 Rd2+ 45. Ke3 Rxd5 46. gxh4 Rb5 47.
Kf4 Rb4+ 48. Kg3 Kg6 49. Rb8 Kf5 50. Rf8 Rb3+ 51. Kg2 Rb2+ 52. Kg3 Rb3+ 53. Kg2
g3 54. Kh3 Rxb6 55. Rxf7+ Kxe5 56. Kxg3 Rb1 1/2-1/2